<?xml version="1.0" encoding="UTF-8"?>
<record
    xmlns:xsi="http://www.w3.org/2001/XMLSchema-instance"
    xsi:schemaLocation="http://www.loc.gov/MARC21/slim http://www.loc.gov/standards/marcxml/schema/MARC21slim.xsd"
    xmlns="http://www.loc.gov/MARC21/slim">

  <leader>03480nam a2200553 a 4500</leader>
  <controlfield tag="008">250818e2021    ag ||||| |||| 001 0 spa d</controlfield>
  <datafield tag="020" ind1=" " ind2=" ">
    <subfield code="a">9789874090416</subfield>
  </datafield>
  <datafield tag="041" ind1=" " ind2=" ">
    <subfield code="a">spa</subfield>
  </datafield>
  <datafield tag="092" ind1=" " ind2=" ">
    <subfield code="c">616.12</subfield>
    <subfield code="l">35</subfield>
    <subfield code="s">HOU</subfield>
  </datafield>
  <datafield tag="100" ind1="1" ind2=" ">
    <subfield code="a">Houston, Mark C.</subfield>
    <subfield code="9">4355</subfield>
  </datafield>
  <datafield tag="245" ind1=" " ind2=" ">
    <subfield code="a">Medicina Cardiovascular Integral.</subfield>
    <subfield code="b">Personalizada y de precisi&#xF3;n /</subfield>
    <subfield code="c">Mark C. Houston</subfield>
  </datafield>
  <datafield tag="250" ind1=" " ind2=" ">
    <subfield code="a">1a. ed.</subfield>
    <subfield code="b">Traducci&#xF3;n Domingo Palmero</subfield>
  </datafield>
  <datafield tag="260" ind1=" " ind2=" ">
    <subfield code="a">Ciudad Aut&#xF3;noma de Buenos Aires:</subfield>
    <subfield code="b">Anejo Producciones;</subfield>
    <subfield code="c">2021.</subfield>
  </datafield>
  <datafield tag="300" ind1=" " ind2=" ">
    <subfield code="a">488 p.</subfield>
    <subfield code="b">25x19 cm.</subfield>
  </datafield>
  <datafield tag="500" ind1=" " ind2=" ">
    <subfield code="a">Houston, M. C. ( 2021). Medicina Cardiovascular Integral : Personalizada y de precisi&#xF3;n. (1a. ed.). Ciudad Aut&#xF3;noma de Buenos Aires : Anejo Producciones.</subfield>
  </datafield>
  <datafield tag="590" ind1=" " ind2=" ">
    <subfield code="a">Donaci&#xF3;n Piacentini Facundo, julio 2025. </subfield>
  </datafield>
  <datafield tag="653" ind1=" " ind2=" ">
    <subfield code="a">Introducci&#xF3;n a la medicina cardiovascular funcional, metab&#xF3;lica e integral.</subfield>
  </datafield>
  <datafield tag="653" ind1=" " ind2=" ">
    <subfield code="a">Conceptos b&#xE1;sicos fundamentales en medicina vascular.</subfield>
  </datafield>
  <datafield tag="653" ind1=" " ind2=" ">
    <subfield code="a">Biolog&#xED;a vascular y envejecimiento vascular</subfield>
  </datafield>
  <datafield tag="653" ind1=" " ind2=" ">
    <subfield code="a">Nutrici&#xF3;n y enfermedades cardiovasculares.</subfield>
  </datafield>
  <datafield tag="653" ind1=" " ind2="3">
    <subfield code="a">El papel del ejercicio.</subfield>
  </datafield>
  <datafield tag="653" ind1=" " ind2=" ">
    <subfield code="a">Gen&#xF3;mica cardiovascular.</subfield>
  </datafield>
  <datafield tag="653" ind1=" " ind2=" ">
    <subfield code="a">Pruebas y enfermedades cardiovasculares.</subfield>
  </datafield>
  <datafield tag="653" ind1=" " ind2=" ">
    <subfield code="a">Cardiograma multifunci&#xF3;n, tambi&#xE9;n conocido como MCG.</subfield>
  </datafield>
  <datafield tag="653" ind1=" " ind2=" ">
    <subfield code="a">Capwa: An&#xE1;lisis computarizado de ondas de pulso arterial.</subfield>
  </datafield>
  <datafield tag="653" ind1=" " ind2=" ">
    <subfield code="a">Tomograf&#xED;a computarizada cardiovascular</subfield>
  </datafield>
  <datafield tag="653" ind1=" " ind2=" ">
    <subfield code="a">Ecograf&#xED;a de esfuerzo en la evaluaci&#xF3;n de la ateriopat&#xED;a coronaria sospechosa.</subfield>
  </datafield>
  <datafield tag="653" ind1=" " ind2=" ">
    <subfield code="a">Ecograf&#xED;a carot&#xED;dea.</subfield>
  </datafield>
  <datafield tag="653" ind1=" " ind2=" ">
    <subfield code="a">Pruebas completas y avanzadas del laboratorio cardiovascular.</subfield>
  </datafield>
  <datafield tag="653" ind1=" " ind2=" ">
    <subfield code="a">Poblaciones especiales y enfermedades cardiovasculares</subfield>
  </datafield>
  <datafield tag="653" ind1=" " ind2=" ">
    <subfield code="a">Prueba de esfuerzo cardiopulmonar.</subfield>
  </datafield>
  <datafield tag="653" ind1=" " ind2=" ">
    <subfield code="a">Abordaje integrativo de la hipertensi&#xF3;n: fisiopatolog&#xED;a, epidemiolog&#xED;a, aspectos cl&#xED;nicos, diagn&#xF3;stico, prevenci&#xF3;n y tratamiento con nutrici&#xF3;n, suplementales, estilo de vida y medicamentos.</subfield>
  </datafield>
  <datafield tag="653" ind1=" " ind2=" ">
    <subfield code="a">Nutrici&#xF3;n, suplementos nutricionales y f&#xE1;rmacos en el tratamiento de la dislipidemia.</subfield>
  </datafield>
  <datafield tag="653" ind1=" " ind2=" ">
    <subfield code="a">Factores de riesgo de cardiopat&#xED;a coronaria, cardiopat&#xED;a coroniaria, insuficiencia cardiaca congestiva y cardiolog&#xED;a metab&#xF3;lica.</subfield>
  </datafield>
  <datafield tag="653" ind1=" " ind2=" ">
    <subfield code="a">Hormonas sexuales en la mujer.</subfield>
  </datafield>
  <datafield tag="653" ind1=" " ind2=" ">
    <subfield code="a">Influencias de las tiroides y las suprarrenales en el sistema cardiovascular.</subfield>
  </datafield>
  <datafield tag="653" ind1=" " ind2=" ">
    <subfield code="a">Resistencia a la insulina, s&#xED;ndrome metab&#xF3;lico y diabetes mellitus tipo 1 y tipo 2 : fisiolopatolog&#xED;a, consideraciones metab&#xF3;licas y presentaci&#xF3;n cl&#xED;nica.</subfield>
  </datafield>
  <datafield tag="653" ind1=" " ind2=" ">
    <subfield code="a">El papel de la microbiota intestinal en las enfermedades cardiovasculares.</subfield>
  </datafield>
  <datafield tag="653" ind1=" " ind2=" ">
    <subfield code="a">Obesidad, adipocinas, inflamaci&#xF3;n y enfermedades cardiovasculares.</subfield>
  </datafield>
  <datafield tag="653" ind1=" " ind2=" ">
    <subfield code="a">Enfermedad cerebrovascular, demencia vascular, arteriopat&#xED;a carot&#xED;dea y ACV: diagn&#xF3;stico, prevenci&#xF3;n y tratamiento.</subfield>
  </datafield>
  <datafield tag="653" ind1=" " ind2=" ">
    <subfield code="a">Nefropat&#xED;a, proteinuria: implicacionespara el riesgo cardiovascular.</subfield>
  </datafield>
  <datafield tag="653" ind1=" " ind2=" ">
    <subfield code="a">Depresi&#xF3;n , ansiedad, estr&#xE9;s y espiritualismo en las enfermedades cardiovasculares.</subfield>
  </datafield>
  <datafield tag="653" ind1=" " ind2=" ">
    <subfield code="a">Toxinas ambientales y enfermedades cardiovasculares.</subfield>
  </datafield>
  <datafield tag="653" ind1=" " ind2=" ">
    <subfield code="a">El papel de la terapia de quelaci&#xF3;n en las enfermedades cardiovasculares, la diabetes mellitus y la detoxificaci&#xF3;n de metales pesados: los ensayos TACT.</subfield>
  </datafield>
  <datafield tag="653" ind1=" " ind2=" ">
    <subfield code="a">Cardiopat&#xED;a en mujeres.</subfield>
  </datafield>
  <datafield tag="653" ind1=" " ind2=" ">
    <subfield code="a">El papel de los fitof&#xE1;rmacos en la hipertensi&#xF3;n y las enfermedades cardiovasculares.</subfield>
  </datafield>
  <datafield tag="653" ind1=" " ind2=" ">
    <subfield code="a">Consecuencias del agotamiento de nutrientes inducido por f&#xE1;rmacos cardiovasculares.</subfield>
  </datafield>
  <datafield tag="942" ind1=" " ind2=" ">
    <subfield code="2">ddc</subfield>
    <subfield code="c">BK</subfield>
  </datafield>
  <datafield tag="999" ind1=" " ind2=" ">
    <subfield code="c">3302</subfield>
    <subfield code="d">3302</subfield>
  </datafield>
  <datafield tag="952" ind1=" " ind2=" ">
    <subfield code="0">0</subfield>
    <subfield code="1">0</subfield>
    <subfield code="2">ddc</subfield>
    <subfield code="4">0</subfield>
    <subfield code="7">0</subfield>
    <subfield code="a">BFM</subfield>
    <subfield code="b">BFM</subfield>
    <subfield code="c">CR</subfield>
    <subfield code="d">2025-08-18</subfield>
    <subfield code="e">Donaci&#xF3;n  julio 2025.</subfield>
    <subfield code="l">0</subfield>
    <subfield code="o">616.12 35 HOU</subfield>
    <subfield code="p">5099</subfield>
    <subfield code="r">2025-08-18</subfield>
    <subfield code="t">Ej 1.</subfield>
    <subfield code="w">2025-08-18</subfield>
    <subfield code="y">BK</subfield>
    <subfield code="z">Donaci&#xF3;n Piacentini Facundo, julio 2025.</subfield>
    <subfield code="f"></subfield>
  </datafield>
  <datafield tag="952" ind1=" " ind2=" ">
    <subfield code="0">0</subfield>
    <subfield code="1">0</subfield>
    <subfield code="2">ddc</subfield>
    <subfield code="4">0</subfield>
    <subfield code="7">0</subfield>
    <subfield code="a">BFM</subfield>
    <subfield code="b">BFM</subfield>
    <subfield code="c">CR</subfield>
    <subfield code="d">2025-08-18</subfield>
    <subfield code="e">Donaci&#xF3;n julio 2025.</subfield>
    <subfield code="l">0</subfield>
    <subfield code="o">616.12 35 HOU</subfield>
    <subfield code="p">5100</subfield>
    <subfield code="r">2025-08-18</subfield>
    <subfield code="t">Ej. 2</subfield>
    <subfield code="w">2025-08-18</subfield>
    <subfield code="y">BK</subfield>
    <subfield code="z">Donaci&#xF3;n Piacentini Facundo, julio 2025.</subfield>
    <subfield code="f"></subfield>
  </datafield>
</record>
